Practical formal methods for hardware design /

Gespeichert in:
Bibliographische Detailangaben
Weitere Verfasser: Kloos, C.Delgado (Zusammenstellung), Damm, W (Zusammenstellung)
Format: Buch
Sprache:Englisch
Veröffentlicht: Berlin : Springer Verlag, 1997
Schlagworte:
Tags: Tag hinzufügen
Keine Tags, Fügen Sie das erste Tag hinzu!

MARC

LEADER 00000nam a22000003a 4500
001 stu10362
005 20150617225803.1
008 971218s1997----gw------------------eng-d
020 |a 3-540-62007-9 
040 |a STU  |b slo 
041 0 |a eng 
044 |a gw 
080 |a 681.325.06 
080 |a 519.682 
080 |a 681.32.02  |7 stu_us_auth*stu8293 
084 |a C5210  |2 INS 
084 |a C6110F  |2 INS 
084 |a C6140D  |2 INS 
084 |a C7410D  |2 INS 
100 1 |a Kloos, C.Delgado  |4 com 
245 1 |a Practical formal methods for hardware design /  |c Edit. Kloos,C.Delgado;Edit. Damm,W 
260 |a Berlin :  |b Springer Verlag,  |c 1997 
300 |a 293 s 
650 7 |a navrhovanie logických obvodov  |2 stusub 
650 7 |a modelovanie  |2 stusub 
650 7 |a programovanie  |2 stusub 
650 7 |a programovacie jazyky  |2 stusub 
650 7 |a VLSI  |2 stusub 
650 7 |a VHDL  |2 stusub 
700 1 |a Damm, W  |4 com 
996 |c I*2HS5116  |l I  |s A  |a 24  |w stu10362_0001